Central Library OPAC University of Rajshahi
Normal view MARC view

Entry Topical Term

Number of records used in: 2

001 - CONTROL NUMBER

  • control field: 2013

003 - CONTROL NUMBER IDENTIFIER

  • control field: BD-RjUL

005 - DATE AND TIME OF LATEST TRANSACTION

  • control field: 20220324105148.0

008 - FIXED-LENGTH DATA ELEMENTS

  • fixed length control field: 220324|| aca||aabn | a|a d

040 ## - CATALOGING SOURCE

  • Original cataloging agency: BD-RjUL
  • Transcribing agency: BD-RjUL

150 ## - HEADING--TOPICAL TERM

  • Topical term or geographic name entry element: স্থানীয় প্রশাসন
  • Form subdivision: গ্রামীন শালিসি
  • Geographic subdivision: বাংলাদেশ
  • Geographic subdivision: সিরাজগঞ্জ জেলা
  • Geographic subdivision: কালিয়া হরিপুর ইউনিয়ন
  • General subdivision: অংশগ্রহণ

670 ## - SOURCE DATA FOUND

  • Source citation: Work cat.: (BD-RjUL)79603: ইসলাম, মো: শরীফুল 2012, গ্রামীন শালিসি ব্যবস্থায় স্থানীয় এলিটদের অংশগ্রহণ :, ২০০৯